000 00516nam a2200145 a 4500
001 000039795
005 20201002033735.0
008 130722s1996 dr 000 0 spa d
040 _aDO-SdBNP
_bspa
_cBNPHU
082 _axxx
245 1 0 _aSanto Domingo y sus monumentos coloniales =
_bSanto Domingo and its colonial monuments /
_ceditores Luis Sánchez Ortíz...[et.a.].
260 _aSanto Domingo :
_bEdiciones pasado,
_c1996.
300 _a127 p. :
_bil., retrs. ;
_c20 cm.
700 1 _aScheker Ortíz, Luis
_eed.
_99515
999 _c39285
_d39285